[Event "CHN-ch Open 2019"]
[Site "Xinghua"]
[Date "2019.05.12"]
[Round "2.5"]
[White "Xu, Yi"]
[Black "Wen, Yang"]
[Result "0-1"]
[WhiteElo "2546"]
[BlackElo "2602"]
[Annotator "TA"]
[PlyCount "102"]
[EventDate "2019.05.11"]
[EventType "tourn"]
[EventCountry "CHN"]
[SourceTitle "playchess.com"]
[Source "ChessBase"]
[SourceQuality "1"]

{[%evp 13,102,20,16,15,23,18,26,18,18,18,25,32,18,8,14,0,0,0,4,7,22,-20,-26,-145,-150,-150,-139,-128,-145,-186,-154,-186,-170,-201,-189,-166,-185,-168,-89,-56,-34,-34,-14,-43,-8,-8,-8,-18,0,0,0,0,0,0,-12,-189,0,-5,0,0,0,0,0,-25,0,0,0,0,0,0,0,0,0,0,0,0,0,0,0,0,0,0,482,-135,0,-633,-548,-29986,-29987,-29986,-1024]} 1. e4 c5 2. Nf3 Nc6 3. Bb5 g6 4. Bxc6 dxc6 5. d3 Bg7 6. h3 e5 7. Be3 b6 8. a4 {B31: Sicilian: 2...Nc6 3 Bb5 g6} (8. Nc3 Ne7 9. Qd2 h6 10. h4 Qc7 11. Nh2 Be6 12. f4 exf4 13. Bxf4 Be5 14. Bxe5 Qxe5 15. O-O-O O-O-O 16. Nf3 Qc7 {½-½ (64) Bacallao Alonso,Y (2588)-Priasmoro,N (2498) Batumi 2018}) 8... a5 9. Nbd2 Qc7 10. Nc4 {White has an edge.} Be6 11. b3 $146 ({Predecessor:} 11. Nfd2 Bh6 12. Qf3 Bxe3 13. Qxe3 Nf6 14. Qg3 Nd7 15. O-O f6 16. f4 exf4 17. Qxf4 Qxf4 18. Rxf4 {0-1 (48) Erzhanov,A (2371)-Konovalov,N (2436) Moscow 2009}) 11... h6 12. O-O Ne7 13. Qd2 f5 14. Qe1 O-O 15. exf5 gxf5 16. Ncxe5 Rae8 17. Rd1 Nd5 18. d4 (18. Bc1 $1 $11) 18... f4 $17 19. Bc1 cxd4 20. Rxd4 Bf5 $1 {[%csl LRc2,LRe5][%cal Rg7e5]} 21. c4 Rxe5 22. Nxe5 Bxe5 ({Don't play} 22... Qxe5 23. Qxe5 Bxe5 24. Rd2 $17) 23. Rd1 Nb4 24. Qe2 Qg7 {Strongly threatening ...Bxh3.} 25. Qf3 Nc2 (25... c5 $1 $19 26. Rfe1 Bb8) 26. Bxf4 Bxf4 27. Qxf4 {[#]} Bd3 $1 {[%mdl 576] Discovered Attack} 28. Qxf8+ $1 (28. Rxd3 Rxf4) 28... Kxf8 (28... Qxf8 {looks sharper.} 29. Rxd3 c5 30. Rg3+ Kh7 31. Rd1 Nd4) 29. Rxd3 Nd4 30. Re1 c5 31. Re4 $1 Qg6 32. Rde3 Qd6 33. Re5 Kf7 34. R5e4 $2 {[#]} (34. Rd5 $11 {and White stays safe.} Qc7 35. g3) 34... h5 $2 (34... Nxb3 $1 $19 {[%mdl 512]} 35. Rf3+ (35. Rxb3 Qd1+) 35... Kg8 36. Rg4+ Kh8) 35. Re5 $11 Qg6 36. Re7+ Kf6 {aiming for ...Nf3+!} 37. R7e4 Qf5 38. Re8 {And now Rf8+ would win.} Qb1+ 39. Kh2 Qb2 40. Rf8+ Kg7 41. Rf4 h4 42. Re7+ Kg6 43. Re8 Kg7 44. Re7+ Kg6 45. Re8 Kg5 46. Ref8 {Intending Rg4+ and mate.} Ne2 47. Rg4+ Kh5 $2 {[%mdl 8192] [#]} (47... Kh6 $11 {and Black has nothing to worry.} 48. Re8 (48. Rxh4+ Kg7 $11) 48... Kh7) 48. Rf5+ $2 (48. Re8 $1 $18 {Black must now prevent f4.} Kh6 49. f4 (49. Rxh4+ Kg5 $11)) 48... Kh6 49. Rxh4+ $2 {[%mdl 8192] [#]} (49. Re4 $11) 49... Kg6 $1 $19 {[%mdl 512] ( -> ...Qc1)} 50. Rf8 Qa1 {[%csl Ge2][%cal Ra1g1]} 51. Rg4+ Kh5 {Accuracy: White = 53%, Black = 52%.} (51... Kh7 $142 52. Rf7+ Kh6 53. Rh4+ Kg6 54. Rg7+ {[%mdl 64] Decoy} Kxg7 55. Rg4+ Kf6 56. Rf4+ Ke5 57. Re4+ {[%mdl 64] Decoy} Kxe4 58. f3+ Kf4 59. g3+ Nxg3 60. Kg2 Qh1+ 61. Kf2 Qf1#) 0-1

[Event "CHN-ch Open 2019"]
[Site "Xinghua"]
[Date "2019.05.12"]
[Round "2.6"]
[White "Li, Shilong"]
[Black "Lu, Shanglei"]
[Result "1/2-1/2"]
[WhiteElo "2507"]
[BlackElo "2606"]
[Annotator "TA"]
[PlyCount "57"]
[EventDate "2019.05.11"]
[EventType "tourn"]
[EventCountry "CHN"]
[SourceTitle "playchess.com"]
[Source "ChessBase"]
[SourceQuality "1"]

{[%evp 14,57,20,8,23,12,7,8,18,12,12,10,10,9,9,9,8,16,20,0,0,0,0,0,0,0,0,0,0,0,10,8,6,2,6,4,11,0,8,0,18,0,7,0,16,0]} 1. d4 Nf6 ({Predecessor:} 1... d5 2. Nf3 Nf6 3. c4 e6 4. Nc3 Be7 5. Bg5 Nbd7 6. e3 h6 {1-0 (50) Bacallao Alonso,Y (2591)-Gonzalez Vidal,Y (2546) Merida 2017}) 2. c4 e6 3. Nc3 d5 4. Bg5 Nbd7 5. e3 h6 6. Bh4 Be7 7. Nf3 O-O 8. Rc1 c5 {D63: Queen's Gambit Declined: Classical: 7 Rc1} 9. cxd5 $146 (9. dxc5 Nxc5 10. cxd5 g5 11. Bg3 Nxd5 12. Nxd5 Qxd5 13. Qxd5 exd5 14. Nd4 Bd7 15. Be2 Rac8 16. O-O {½-½ (31) Ivanchuk,V (2710)-Yu,Y (2765) Batumi 2018}) 9... Nxd5 {The position is equal.} 10. Bxe7 Nxe7 11. Bb5 cxd4 12. Qxd4 Nf6 13. O-O Qxd4 14. Nxd4 Rd8 15. Rfd1 Bd7 16. Bxd7 Rxd7 17. Ndb5 Rxd1+ 18. Rxd1 a6 19. Nd6 b5 20. Kf1 Kf8 21. Ke2 Ned5 22. Nxd5 Nxd5 $11 {[%mdl 4096] Endgame KRN-KRN} 23. Rc1 Ke7 24. Ne4 Ra7 25. a3 a5 26. Nc3 Nc7 27. Ne4 Nd5 28. Nc3 Nc7 29. Ne4 {Accuracy: White = 43%, Black = 60%.} 1/2-1/2

[Event "CHN-ch Open 2019"]
[Site "Xinghua"]
[Date "2019.05.13"]
[Round "3.1"]
[White "Lu, Shanglei"]
[Black "Zhao, Jun"]
[Result "1/2-1/2"]
[WhiteElo "2606"]
[BlackElo "2621"]
[Annotator "TA"]
[PlyCount "61"]
[EventDate "2019.05.11"]
[EventType "tourn"]
[EventCountry "CHN"]
[SourceTitle "playchess.com"]
[Source "ChessBase"]
[SourceQuality "1"]

{[%evp 10,61,25,18,33,0,12,0,31,34,31,19,41,25,50,16,16,16,22,16,15,16,27,23,40,27,50,31,35,38,47,27,46,18,18,18,18,18,19,-11,0,0,0,-21,0,-19,-17,-42,-42,-45,-23,-42,-42,-46]} 1. e4 c6 2. Nc3 d5 3. Nf3 dxe4 4. Nxe4 Nf6 5. Qe2 Nxe4 6. Qxe4 Qd5 {B11: Caro-Kann: Two Knights Variation} 7. Qh4 Qe6+ 8. Be2 Qg4 {The position is equal.} 9. Qg3 Qxg3 10. hxg3 g6 11. d4 Bg4 $146 ({Predecessor:} 11... Bg7 12. Bh6 Bf6 13. Ne5 Be6 14. O-O-O {½-½ (46) Bacrot,E (2708)-Topalov,V (2749) Paris 2017}) 12. Bc4 {[#] Ne5 is the strong threat.} Bxf3 13. gxf3 e6 14. a4 Bg7 15. c3 Nd7 16. a5 O-O 17. Bg5 Nf6 18. O-O-O Nd5 19. Kc2 Rfc8 20. Be3 Rd8 21. f4 h5 22. Bd3 Rac8 23. Be4 Rd7 24. c4 Bf6 25. Kb3 Ne7 26. Rd3 b5 27. axb6 axb6 28. Rhd1 b5 29. cxb5 $1 Rb8 30. Kc2 Rxb5 31. Rb3 {Accuracy: White = 41%, Black = 49%.} 1/2-1/2

[Event "CHN-ch Open 2019"]
[Site "Xinghua"]
[Date "2019.05.13"]
[Round "3.2"]
[White "Wen, Yang"]
[Black "Li, Shilong"]
[Result "1-0"]
[WhiteElo "2602"]
[BlackElo "2507"]
[Annotator "TA"]
[PlyCount "60"]
[EventDate "2019.05.11"]
[EventType "tourn"]
[EventCountry "CHN"]
[SourceTitle "playchess.com"]
[Source "ChessBase"]
[SourceQuality "1"]

{[%evp 15,60,12,10,10,11,17,23,18,16,9,18,8,17,16,10,19,26,23,27,18,47,42,45,41,58,54,88,73,112,113,155,96,212,221,228,214,177,179,351,343,486,480,547,556,562,553,554]} 1. e4 c5 2. Nf3 d6 3. d4 cxd4 4. Nxd4 Nf6 5. Nc3 a6 6. g3 e5 7. Nde2 Be7 8. Bg2 b5 9. Nd5 {B91: Sicilian Najdorf: 6 g3} Nbd7 10. Nec3 Nb6 11. Nxf6+ {White has an edge.} Bxf6 12. b3 $146 ({Predecessor:} 12. O-O O-O 13. b3 b4 14. Nd5 Nxd5 15. Qxd5 Be6 16. Qd3 Qc7 {0-1 (57) Giri,A (2782)-Vachier Lagrave,M (2789) Leuven 2018}) 12... Qc7 13. Qd3 O-O 14. Ba3 Be7 15. O-O Bd7 16. Nd1 a5 17. Ne3 Rac8 18. Rfd1 {[%cal Ra3d6]} b4 19. Bc1 Qc5 20. Qe2 a4 21. Qe1 d5 22. exd5 ({Resist} 22. Nxd5 Nxd5 23. Rxd5 Qc7 $14) 22... f5 23. a3 (23. d6 $142 Bxd6 24. a3 axb3 25. axb4 Qxb4 26. c3 $1 {[%mdl 576] Promotion}) 23... f4 {[#]} (23... Qd6 $16 {was worth a try.}) 24. d6 $1 $18 {[%mdl 512]} Bxd6 25. axb4 Qxb4 {[#]} 26. c3 $1 $36 {[%cal Rc3b4][%mdl 2560] White is in control.} Qxb3 $2 (26... Qc5) (26... Qxc3 27. Qxc3) 27. Rxd6 {Nd5 is the strong threat.} fxe3 (27... Rf7 $142 28. Nd1 f3) 28. Bxe3 {White is clearly winning.} Rf6 29. Rxf6 gxf6 30. Rb1 Qxc3 {Accuracy: White = 92%, Black = 32%.} 1-0

[Event "CHN-ch Open 2019"]
[Site "Xinghua"]
[Date "2019.05.13"]
[Round "3.3"]
[White "Zhao, Yuanhe"]
[Black "Xu, Yi"]
[Result "1/2-1/2"]
[WhiteElo "2437"]
[BlackElo "2546"]
[Annotator "TA"]
[PlyCount "69"]
[EventDate "2019.05.11"]
[EventType "tourn"]
[EventCountry "CHN"]
[SourceTitle "playchess.com"]
[Source "ChessBase"]
[SourceQuality "1"]

{[%evp 15,69,22,50,64,60,51,95,81,100,89,79,81,74,72,77,52,116,108,150,137,127,32,93,98,107,0,0,0,113,107,107,122,133,153,147,138,181,169,167,174,164,171,180,111,175,172,165,0,0,0,0,0,8,0,0,0]} 1. Nf3 d5 2. d4 Nf6 3. c4 e6 4. Nc3 Bb4 5. g3 dxc4 6. Bg2 c6 7. a3 {[%cal Ba2a3,Ba3a4,Ba4a5][%mdl 32]} Bxc3+ 8. bxc3 O-O 9. a4 $146 {E27: Nimzo-Indian: Sämisch: 5...0-0 6 f3} ({Predecessor:} 9. O-O Nbd7 10. Nd2 Nd5 11. Qc2 b5 12. a4 a5 13. e4 Ne7 14. Ba3 Nb6 15. Rfb1 Ba6 16. axb5 cxb5 17. e5 Nbd5 18. Bxe7 Qxe7 19. Rxa5 {1-0 (52) Galliamova,A (2434)-Kashlinskaya,A (2450) Novi Sad 2016}) 9... Qa5 10. Qc2 Qf5 {[#]} 11. Qa2 $1 {White is better.} Nbd7 12. Qxc4 e5 13. a5 e4 14. Nd2 Re8 15. O-O Nd5 (15... Qh5 $14) 16. a6 $16 Qg6 17. axb7 Bxb7 18. Nb3 (18. Qb3 $16 Bc8 19. c4) 18... N7b6 (18... a5 $1 $14 19. Nc5 (19. Rxa5 N7b6 $11) (19. Nxa5 Ba6 $11) 19... Bc8) 19. Qc5 Nd7 20. Qc4 N7b6 21. Qc5 Nd7 {[#]} 22. Qa5 $1 N7b6 23. e3 Bc8 24. Nd2 Bg4 25. Re1 f5 26. c4 Nf6 27. h3 Bh5 28. Qc3 c5 29. d5 ({White should try} 29. Ra5 $18) 29... Nbd7 (29... a5 $16 {might work better.}) 30. Bb2 $18 Ne5 31. Qxe5 $2 (31. Bf1 $18) 31... Rxe5 $11 {The position is equal.} 32. Bxe5 Nd7 33. Bc3 Qd6 34. Reb1 Rb8 35. Rc1 {Accuracy: White = 61%, Black = 35%.} 1/2-1/2

[Event "CHN-ch Open 2019"]
[Site "Xinghua"]
[Date "2019.05.13"]
[Round "3.4"]
[White "Liu, Yan"]
[Black "Xu, Xiangyu"]
[Result "1/2-1/2"]
[WhiteElo "2502"]
[BlackElo "2583"]
[Annotator "TA"]
[PlyCount "50"]
[EventDate "2019.05.11"]
[EventType "tourn"]
[EventCountry "CHN"]
[SourceTitle "playchess.com"]
[Source "ChessBase"]
[SourceQuality "1"]

{[%evp 18,50,24,3,12,14,25,21,27,25,33,0,0,-6,0,0,0,0,0,-12,0,0,0,-8,0,-18,-15,-19,-6,-17,0,-10,0,-21,0]} 1. d4 Nf6 2. c4 c6 3. Nf3 d5 4. e3 e6 5. Bd3 dxc4 6. Bxc4 c5 7. O-O a6 8. dxc5 Qxd1 9. Rxd1 Bxc5 10. Nc3 Nbd7 {D27: Queen's Gambit Accepted: Classical main line: 7 e4!? and 7 a4} 11. Be2 b5 12. Nd2 Bb7 13. Nb3 Bb6 {[#]} 14. Bd2 $146 ({Predecessor:} 14. a4 b4 15. a5 bxc3 16. axb6 cxb2 17. Bxb2 Nxb6 18. Na5 Bd5 19. f3 e5 20. Bxe5 {1-0 (34) Izoria,Z (2594)-Durarbayli,V (2627) chess.com INT 2017}) 14... O-O {The position is equal.} 15. Be1 Rac8 16. Rac1 Nc5 17. Nxc5 Bxc5 18. Bd3 Nd5 19. Nxd5 Bxd5 20. Bb1 Bb6 21. Bb4 Rfd8 22. Be7 Re8 23. Bd6 Red8 {[#] ...Rxc1 is the strong threat.} 24. Be7 Re8 25. Bd6 Red8 {Accuracy: White = 54%, Black = 21%.} 1/2-1/2

[Event "CHN-ch Open 2019"]
[Site "Xinghua"]
[Date "2019.05.13"]
[Round "3.5"]
[White "Bai, Jinshi"]
[Black "Peng, Xiongjian"]
[Result "1/2-1/2"]
[WhiteElo "2605"]
[BlackElo "2451"]
[Annotator "TA"]
[PlyCount "90"]
[EventDate "2019.05.11"]
[EventType "tourn"]
[EventCountry "CHN"]
[SourceTitle "playchess.com"]
[Source "ChessBase"]
[SourceQuality "1"]

{[%evp 10,90,16,0,9,12,8,0,6,10,12,4,3,3,3,6,14,14,14,14,14,14,12,11,14,10,8,8,12,0,0,0,0,-2,0,-15,0,0,0,0,0,0,0,0,0,0,0,0,0,0,0,0,0,0,0,0,0,0,0,0,0,0,0,0,0,0,8,0,0,0,0,0,0,0,0,0,0,0,0,0,0,0,0]} 1. Nf3 d5 2. g3 g6 3. Bg2 Bg7 4. d4 Nf6 5. c4 c6 6. Qb3 {The position is equal.} a5 {[%cal Ba7a5,Ba5a4][%mdl 32] D73: Fianchetto Grünfeld: 5 Nf3} 7. cxd5 a4 8. Qd1 cxd5 9. O-O Nc6 $146 ({Predecessor:} 9... Ne4 10. Nc3 {0-1 (40) Vitiugov,N (2734)-Wei,Y (2724) Ningbo 2015}) 10. Nc3 Ne4 11. e3 O-O 12. Nxa4 Qa5 13. Nc3 $1 Nxc3 14. bxc3 Qxc3 15. Bd2 Qa3 16. Qb3 Rd8 17. Rfc1 h5 18. h4 e6 19. Bc3 Bf8 20. Ne1 Bd7 21. Nd3 Be8 22. Bf1 ({Don't go for} 22. Qxb7 $2 Rab8 $19) (22. Qd1 {feels hotter.} Rdc8 23. Rab1 Na7 24. Nc5 Nb5 25. Bb4) 22... Ra7 23. Qxa3 Bxa3 24. Rcb1 Ne7 25. Bb4 Bc6 26. Bxa3 Rxa3 27. Nc5 Rb8 28. Bb5 Rba8 29. Bxc6 Nxc6 30. Rxb7 Rxa2 31. Rxa2 Rxa2 $11 {[%mdl 4096] Endgame KRN-KRN} 32. Rb6 Na5 33. Ra6 Ra1+ 34. Kg2 Nb3 35. Rxa1 Nxa1 {KN-KN} 36. Kf3 Nc2 37. Kf4 Ne1 38. e4 dxe4 39. Kxe4 Nc2 40. Nd3 Na3 41. d5 exd5+ 42. Kxd5 Nb5 43. Kc5 Nc3 44. Kd4 Nb5+ 45. Kc5 Nc3 {Accuracy: White = 69%, Black = 84%.} 1/2-1/2

[Event "CHN-ch Open 2019"]
[Site "Xinghua"]
[Date "2019.05.13"]
[Round "3.6"]
[White "Xu, Yinglun"]
[Black "Xu, Jun"]
[Result "1-0"]
[WhiteElo "2528"]
[BlackElo "2487"]
[Annotator "TA"]
[PlyCount "95"]
[EventDate "2019.05.11"]
[EventType "tourn"]
[EventCountry "CHN"]
[SourceTitle "playchess.com"]
[Source "ChessBase"]
[SourceQuality "1"]

{[%evp 20,95,26,19,30,14,31,31,27,35,33,15,17,0,0,12,24,22,14,20,20,6,26,31,89,26,113,112,112,104,108,110,108,108,106,101,109,97,135,146,159,116,196,203,197,189,204,201,204,198,216,217,249,250,248,246,252,242,283,280,304,276,306,314,277,277,370,370,418,412,304,298,298,277,285,284,560,560]} 1. d4 Nf6 2. c4 e6 3. Nf3 d5 4. Nc3 Bb4 5. Qa4+ Nc6 6. e3 O-O 7. Qc2 dxc4 8. Bxc4 Bd6 9. O-O e5 10. h3 a6 11. a3 Bd7 {E51: Nimzo-Indian: Rubinstein: 4...0-0 5 Nf3 d5} 12. Rd1 Qc8 (12... exd4 13. exd4 h6 14. Be3 Ne7 15. Ne5 b5 16. Ba2 c6 17. Ne4 Nxe4 18. Qxe4 Bf5 19. Qf3 {1-0 (37) Mamedyarov,S (2768)-Inarkiev,E (2709) Doha 2016}) 13. d5 Ne7 {White is slightly better.} 14. e4 Ng6 15. Be2 $146 ({Predecessor:} 15. Be3 Nh5 16. Bf1 Nhf4 17. Ne2 f5 18. Nxf4 exf4 19. Bd4 fxe4 20. Qxe4 {1-0 (61) Cifuentes Parada,R (2483)-Estremera Panos,S (2353) Pamplona 2000}) 15... Nh5 16. Nh2 Nhf4 17. Bg4 Bxg4 18. hxg4 {g3 is the strong threat.} h5 19. gxh5 Nxh5 20. Qe2 Nhf4 (20... Ngf4 $5 {[%cal Rf4e2]} 21. Qc2 f5 $11) 21. Qg4 Bc5 (21... f5 $14 22. exf5 Qxf5) 22. g3 (22. Be3 $16 b6 23. Bxc5 bxc5 24. Qxc8 Raxc8 25. Nf3) 22... Qxg4 (22... Nh3+ $11 {remains equal.} 23. Kg2 Nxf2 {[%mdl 64] Double Attack} 24. Qxc8 Raxc8) 23. Nxg4 $16 Nh5 {Black wants to play ...Nxg3.} 24. Kg2 Nf6 25. Nxf6+ gxf6 26. Bh6 $36 {[%mdl 2048] Black is under strong pressure.} Rfd8 27. Rac1 Bd6 28. Rd3 Rd7 29. Rf3 Be7 30. Nd1 c6 (30... Kh7 $16 {was called for.}) 31. Ne3 $18 cxd5 32. Nxd5 Rad8 33. Nxf6+ Bxf6 34. Rxf6 Rd4 35. Be3 R4d6 36. Rxd6 Rxd6 {[%mdl 4096] Endgame KRB-KRN} 37. Rc7 b5 38. Kf3 Rd3 39. Kg4 Rb3 40. Kf5 Kg7 41. Rc2 a5 42. Bd2 b4 43. axb4 axb4 44. Be3 Rd3 45. Rd2 Rb3 46. Re2 Rd3 47. Rc2 Kg8 $2 {[#]} (47... Rd8 48. Rc4 Rb8) 48. Rd2 {Accuracy: White = 68%, Black = 36%.} 1-0

[Event "CHN-ch Open 2019"]
[Site "Xinghua"]
[Date "2019.05.14"]
[Round "4.1"]
[White "Zhao, Jun"]
[Black "Xu, Jun"]
[Result "1-0"]
[WhiteElo "2621"]
[BlackElo "2487"]
[Annotator "TA"]
[PlyCount "75"]
[EventDate "2019.05.11"]
[EventType "tourn"]
[EventCountry "CHN"]
[SourceTitle "playchess.com"]
[Source "ChessBase"]
[SourceQuality "1"]

{[%evp 13,75,0,2,0,0,7,23,23,23,28,20,25,32,19,37,37,47,34,129,108,135,135,128,134,122,116,162,152,151,135,181,180,220,195,181,190,194,159,261,310,308,297,297,296,297,295,335,354,344,351,347,333,341,333,461,425,797,790,662,622,1154,1104,939,799]} 1. c4 Nf6 2. Nc3 e5 3. Nf3 Nc6 4. e3 Bb4 5. Qc2 Bxc3 6. Qxc3 Qe7 7. Be2 O-O 8. d4 {A28: English Opening: Four Knights Variation} exd4 (8... Ne4 9. Qc2 exd4 10. exd4 Qb4+ 11. Bd2 Nxd2 12. Qxd2 Qxd2+ 13. Kxd2 d6 14. h3 Bd7 15. Rhe1 Rfe8 {½-½ (30) Vitiugov,N (2709)-Kryvoruchko,Y (2698) Germany 2019}) 9. Nxd4 Nxd4 10. Qxd4 {White has an edge.} d5 11. c5 b6 12. b4 a5 $146 {Threatening ...axb4.} ({Predecessor:} 12... bxc5 13. bxc5 Qe6 14. O-O Ba6 15. Bxa6 Qxa6 {½-½ (24) Banet,J (2510)-Sferle,M (2509) ICCF email 2015}) 13. Ba3 Qe4 14. Qxe4 ({But not} 14. cxb6 Qxg2 15. O-O-O (15. Rf1 cxb6 16. bxa5 Re8 $17) 15... Qxf2 $11) 14... Nxe4 15. b5 bxc5 (15... Re8 $14) 16. Rc1 c4 17. Bxf8 Kxf8 18. f3 $36 {[%mdl 2048] Keeping Black busy.} Nd6 19. e4 $1 {[%cal Re4d5]} Bb7 20. exd5 Bxd5 21. a4 Ke7 22. Kf2 c6 23. Rhe1 {Black must now prevent Bxc4+.} Kd7 24. Red1 {aiming for Bxc4.} Kc7 25. Rd4 Nf5 {[#]} (25... Rd8 $16 26. bxc6 Be6) 26. Rf4 $1 $18 {[%cal Rf4f5]} ({Don't take} 26. Bxc4 $6 Nxd4 27. Bxd5 Rd8 $16) 26... Nd6 27. Bxc4 Nxc4 28. Rfxc4 ({Much less strong is} 28. Rcxc4 $6 Bxc4 29. Rxc4 f5 $18) 28... Bxc4 29. Rxc4 {[%mdl 4096] Endgame KR-KR} Rd8 30. Rxc6+ Kb7 {[#]} 31. Ra6 $1 {[%cal Ra6a5]} Rd4 32. Rxa5 h5 33. Kg3 g5 {[#]} 34. b6 $1 {White is clearly winning.} g4 (34... Kxb6 $142 35. Rxg5 Rxa4 36. Rxh5 Kc6) 35. Rxh5 gxf3 36. Kxf3 Rxa4 37. Rf5 Ra3+ 38. Ke4 {Accuracy: White = 96%, Black = 27%.} 1-0

[Event "CHN-ch Open 2019"]
[Site "Xinghua"]
[Date "2019.05.14"]
[Round "4.2"]
[White "Peng, Xiongjian"]
[Black "Xu, Yinglun"]
[Result "1/2-1/2"]
[WhiteElo "2451"]
[BlackElo "2528"]
[Annotator "TA"]
[PlyCount "85"]
[EventDate "2019.05.11"]
[EventType "tourn"]
[EventCountry "CHN"]
[SourceTitle "playchess.com"]
[Source "ChessBase"]
[SourceQuality "1"]

{[%evp 10,85,17,9,27,19,22,14,13,8,8,9,9,9,11,10,5,3,2,10,16,0,0,-12,0,-24,-23,-31,-19,-35,0,0,0,0,0,0,0,0,0,0,0,0,0,0,0,-43,-43,-44,-21,-39,0,0,41,0,0,0,0,0,137,138,147,148,145,126,137,75,72,0,0,0,0,0,0,0,0,0,0,0]} 1. Nf3 Nf6 2. c4 e6 3. g3 d5 4. d4 dxc4 5. Bg2 c6 6. Ne5 c5 {E04: Open Catalan: 5 Nf3} (6... Bb4+ 7. Bd2 Be7 8. e3 b5 9. Nxc6 Nxc6 10. Bxc6+ Bd7 11. Bxa8 Qxa8 12. f3 e5 13. dxe5 Ng4 14. O-O Nxe5 {½-½ (27) Vidit,S (2711)-Vitiugov,N (2726) Prague 2019}) 7. Be3 Nd5 8. Nc3 Nxe3 9. fxe3 {Strongly threatening 0-0.} Nd7 10. Nxc4 Be7 11. dxc5 Bxc5 12. Nd6+ $146 ({Predecessor:} 12. O-O O-O 13. Ne4 Be7 14. Rc1 {½-½ (23) Ingersol,H (2409)-Galavics,H (2410) ICCF email 2014}) 12... Bxd6 $1 13. Qxd6 Qe7 14. Qd4 e5 15. Qd2 Nf6 16. O-O O-O 17. Nd5 Nxd5 18. Qxd5 Qg5 19. Qc5 Be6 20. Bxb7 Rab8 21. Bf3 Rxb2 22. Qxa7 h5 23. Rfb1 Rd2 24. Rd1 Rb2 25. Rdb1 Rd2 26. Rd1 Rb2 27. Kf2 Qf6 {[%mdl 1024] Black has compensation.} 28. Qa4 g5 29. Ke1 g4 30. Be4 Qe7 31. Rdb1 Rxb1+ 32. Rxb1 Qc5 $1 33. Qb5 Qc3+ (33... Qxe3 $11 {keeps the balance.} 34. Qxe5 Qg1+ {[%mdl 64] Double Attack} 35. Kd2 Rd8+ 36. Kc2 Rc8+ 37. Kd2 Rd8+ 38. Kc2 Rc8+ 39. Kd2 Rd8+) 34. Kf2 $1 $16 Bxa2 35. Rb2 $1 {[%cal Rb2a2]} Bc4 36. Qb7 {Intending Qe7! and mate.} Qa3 {[#]} 37. Rd2 (37. Rc2 $142 $1 {[%cal Rc2c4]} Be6 38. Qc7) 37... Qc5 {[#]} 38. Rd7 ({White should play} 38. Rc2 $1 $16) 38... Qc8 $11 {The position is equal.} 39. Qa7 {Hoping for Rd6.} Rd8 $36 {[%mdl 2048] White is under pressure.} 40. Rc7 Qa6 $1 41. Qxa6 Bxa6 42. Ke1 Kg7 43. Bc2 {Accuracy: White = 57%, Black = 73%.} 1/2-1/2

[Event "CHN-ch Open 2019"]
[Site "Xinghua"]
[Date "2019.05.14"]
[Round "4.3"]
[White "Xu, Xiangyu"]
[Black "Bai, Jinshi"]
[Result "1/2-1/2"]
[WhiteElo "2583"]
[BlackElo "2605"]
[Annotator "TA"]
[PlyCount "63"]
[EventDate "2019.05.11"]
[EventType "tourn"]
[EventCountry "CHN"]
[SourceTitle "playchess.com"]
[Source "ChessBase"]
[SourceQuality "1"]

{[%evp 19,63,3,12,11,22,0,0,0,18,21,41,39,43,31,46,0,0,0,0,0,0,0,0,0,7,5,6,0,0,0,0,0,0,0,0,0,0,0,0,0,0,0,0,0,0,0]} 1. e4 e5 2. Nf3 Nf6 3. Nc3 Bb4 4. Nxe5 O-O 5. Be2 Re8 6. Nd3 Bxc3 7. dxc3 Nxe4 8. O-O d5 9. Nf4 c6 10. Be3 Nd6 11. Re1 {C42: Petroff Defence: 3 Nxe5 and unusual White 3rd moves} ({Predecessor:} 11. Nh5 Nd7 {½-½ (44) Schmitz,T (2253)-Eichler,C (2258) Bayern 2005}) 11... Nd7 12. Nh5 $146 (12. Bf1 Nf8 13. b3 Ng6 14. Nxg6 hxg6 15. f3 Bf5 16. Qd2 Qa5 17. a4 Rad8 18. g4 Be6 {½-½ (39) Dvirnyy,D (2541)-Rozentalis,E (2524) Forni di Sopra 2015}) 12... Nf8 13. Bd3 Qh4 14. Ng3 Bd7 15. b3 b6 16. Qd2 {[#] Bg5 is the strong threat.} Ne6 17. Nf5 Nxf5 {The position is equal.} 18. Bxf5 Qf6 19. Bh3 Qg6 20. Qd3 Qxd3 21. cxd3 Nf8 22. Bxd7 Nxd7 23. a4 Nc5 24. Bxc5 $1 bxc5 25. d4 cxd4 26. cxd4 Rxe1+ 27. Rxe1 $11 {KR-KR} Kf8 28. Kf1 Rb8 29. Re3 Rb4 30. Rc3 Rxd4 31. Rxc6 Rb4 32. Ra6 {Accuracy: White = 62%, Black = 83%.} 1/2-1/2

[Event "CHN-ch Open 2019"]
[Site "Xinghua"]
[Date "2019.05.14"]
[Round "4.4"]
[White "Xu, Yi"]
[Black "Liu, Yan"]
[Result "1/2-1/2"]
[WhiteElo "2546"]
[BlackElo "2502"]
[Annotator "TA"]
[PlyCount "63"]
[EventDate "2019.05.11"]
[EventType "tourn"]
[EventCountry "CHN"]
[SourceTitle "playchess.com"]
[Source "ChessBase"]
[SourceQuality "1"]

{[%evp 17,63,0,0,-9,16,25,7,9,29,-9,0,0,0,-18,-9,-15,-25,-40,-28,-55,-61,-62,-59,-68,11,-25,15,-19,12,11,11,0,11,0,11,9,22,22,25,22,22,22,22,8,8,8,8,8]} 1. d4 Nf6 2. c4 e6 3. Nc3 Bb4 4. e3 O-O 5. Nge2 d5 6. a3 Be7 7. cxd5 exd5 8. Ng3 c5 9. dxc5 Bxc5 10. Bd3 {E46: Nimzo-Indian: Rubinstein: 4 e3 0-0 5 Ne2 without early Bd3} Bb6 (10... d4 11. Nce4 Nxe4 12. Bxe4 dxe3 13. Bxe3 Bxe3 14. fxe3 Nd7 15. O-O Nf6 16. Qxd8 Rxd8 17. Rfd1 Re8 {½-½ (39) Nguyen,N (2631)-Adhiban,B (2556) Manila 2013}) 11. O-O Nc6 12. Nh5 $146 ({Predecessor:} 12. Nce2 Re8 13. b3 Ng4 14. Nf4 Qh4 15. Nh3 Nge5 16. Nf4 Ng4 17. Nh3 Nge5 {½-½ (17) Sjodahl,P (2423)-Hagen,A (2203) La Massana 2014}) 12... Be6 13. Nf4 (13. Na4 {feels hotter.} Nxh5 14. Qxh5 g6 15. Qh6 Bc7 16. f4) 13... Re8 14. Nxe6 Rxe6 15. Ne2 d4 16. exd4 Nxd4 {Strongly threatening ...Rd6.} 17. Nxd4 Qxd4 18. Qf3 Rae8 19. Bb5 R8e7 20. Bf4 Qe4 ({Black should play} 20... Ne4 $15 21. Rac1 g6) 21. Qxe4 (21. Rac1 {looks sharper.} g6 22. Bh6 Qxf3 23. gxf3 Rd6 24. b4) 21... Rxe4 (21... Nxe4 {keeps more tension.} 22. Rae1 g5 23. Bb8 h5 24. Re2 Nf6) 22. Bg5 (22. g3 {is interesting.} a6 23. Bd3 Rd4 24. Bc2 Rd8 25. Rae1) 22... h6 23. Bxf6 gxf6 24. Rfd1 Rd4 25. Kf1 a6 26. Be2 Red7 27. Rxd4 Rxd4 28. Rd1 Rxd1+ {The position is equal.} 29. Bxd1 Bd4 30. Bf3 Bxb2 31. Bxb7 Bxa3 32. Bxa6 {Accuracy: White = 44%, Black = 39%.} 1/2-1/2